<?xml version="1.0" encoding="UTF-8"?>
<collection xmlns="http://www.loc.gov/MARC21/slim">
 <record>
  <leader>     na                 </leader>
  <controlfield tag="001">INLIS000000000000673</controlfield>
  <controlfield tag="005">20220113092346</controlfield>
  <controlfield tag="035">$a 0010-0122000007</controlfield>
  <controlfield tag="245">$a Komik Next G: Lailatul qadar /$c Nursyifa dewi rehulina</controlfield>
  <controlfield tag="100">$a Nursyifa dewi rehulina</controlfield>
  <controlfield tag="300">$a 96 hlm : $b ilust ; $c 14.5 x 21 cm</controlfield>
  <controlfield tag="260">$a Bandung :$b Muffin graphics,$c 2021</controlfield>
  <controlfield tag="082">$a 813</controlfield>
  <controlfield tag="084">$a 813 NUR k</controlfield>
  <controlfield tag="020">$a 978-602-367-855-6</controlfield>
  <controlfield tag="990">$a 0310/2021</controlfield>
  <controlfield tag="990">$a 0311/2021</controlfield>
 </record>
</collection>
